Applied longitudinal analysis / (Record no. 2220)

MARC details
000 -LEADER
fixed length control field 00834nam a22002657a 4500
003 - CONTROL NUMBER IDENTIFIER
control field BD-DhJNU
005 - DATE AND TIME OF LATEST TRANSACTION
control field 20251009054543.0
008 - FIXED-LENGTH DATA ELEMENTS--GENERAL INFORMATION
fixed length control field 251009b |||||||| |||| 00| 0 eng d
020 ## - INTERNATIONAL STANDARD BOOK NUMBER
International Standard Book Number 9780470380277
040 ## - CATALOGING SOURCE
Original cataloging agency BD-DhJNU
Language of cataloging ENG
Transcribing agency BD-DhJNU
Modifying agency BD-DhJNU
082 ## - DEWEY DECIMAL CLASSIFICATION NUMBER
Edition number 23
Classification number 519.53 FIA
100 ## - MAIN ENTRY--PERSONAL NAME
Personal name Fitzmaurice, Garrett M.
245 ## - TITLE STATEMENT
Title Applied longitudinal analysis /
Statement of responsibility, etc. Garrett M. Fitzmaurice, Nan M. Laird and James H. Ware
250 ## - EDITION STATEMENT
Edition statement 2nd ed.
260 ## - PUBLICATION, DISTRIBUTION, ETC.
Place of publication, distribution, etc. London:
Name of publisher, distributor, etc. John Wiley and Sons,
Date of publication, distribution, etc. 2011.
300 ## - PHYSICAL DESCRIPTION
Extent xxv, 701p. :
Other physical details ill. ;
Dimensions 23cm.
490 ## - SERIES STATEMENT
Series statement Wiley series in probabilty and statistics.
504 ## - BIBLIOGRAPHY, ETC. NOTE
Bibliography, etc. note Includes index
650 ## - SUBJECT ADDED ENTRY--TOPICAL TERM
Topical term or geographic name entry element Longitudinal method
Form subdivision Textbook
650 ## - SUBJECT ADDED ENTRY--TOPICAL TERM
Topical term or geographic name entry element Multivariate analysis
650 ## - SUBJECT ADDED ENTRY--TOPICAL TERM
Topical term or geographic name entry element Regression analysis
700 ## - ADDED ENTRY--PERSONAL NAME
Personal name Laird, Nan M.
700 ## - ADDED ENTRY--PERSONAL NAME
Personal name James, H. Ware
942 ## - ADDED ENTRY ELEMENTS (KOHA)
Source of classification or shelving scheme Dewey Decimal Classification
Koha item type Books
Suppress in OPAC No
Holdings
Withdrawn status Lost status Source of classification or shelving scheme Damaged status Not for loan Collection Home library Current library Shelving location Date acquired Source of acquisition Total checkouts Full call number Barcode Date last seen Copy number Price effective from Koha item type
    Dewey Decimal Classification     Non-fiction Jagannath University Central Library Jagannath University Central Library General stacks 10/09/2025 Purchased   519.53 FIA JNUCL36355 10/09/2025 1 10/09/2025 Books